000
00251 a2200109 4500
001
68566
040
_c
Anchieta - Itaigara
240
1
0
_a
Uma lição de carinho
_l
245
1
0
_a
Uma lição de carinho
650
4
_a
Literatura infanto-juvenil
942
_c
MU
999
_c
68566
_d
68566